Loading...
| Science - Physics | 0 | 4 | 0 | 1 | 40 | 47 | 85.50 | 1 | 4 | 0.00 | 0.00 |
| History - European | 1 | 2 | 0 | 1 | 35 | 29 | 80.33 | 2 | 3 | 0.00 | 0.00 |
| Science - Other | 0 | 3 | 0 | 0 | 30 | 85 | 97.67 | 0 | 3 | 0.00 | 0.00 |
| History - American | 1 | 2 | 1 | 1 | 30 | 62 | 95.00 | 0 | 3 | 0.00 | 0.00 |
| Social Science | 1 | 2 | 2 | 1 | 25 | 40 | 96.00 | 1 | 3 | 0.00 | 0.00 |
| History - Other | 0 | 2 | 0 | 0 | 20 | 70 | 82.00 | 1 | 2 | 0.00 | 0.00 |
| Philosophy | 0 | 2 | 0 | 1 | 20 | 72 | 103.00 | 2 | 2 | 0.00 | 0.00 |
| Fine Arts - Auditory | 0 | 2 | 1 | 1 | 15 | 116 | 119.50 | 2 | 2 | 0.00 | 0.00 |
| History - World | 0 | 2 | 1 | 1 | 15 | 91 | 109.00 | 2 | 2 | 0.00 | 0.00 |
| Literature - European | 0 | 1 | 0 | 1 | 10 | 139 | 139.00 | 0 | 1 | 0.00 | 0.00 |
| Literature - American | 0 | 1 | 0 | 1 | 10 | 151 | 151.00 | 0 | 1 | 0.00 | 0.00 |
| Current Events | 0 | 1 | 0 | 1 | 10 | 134 | 134.00 | 0 | 1 | 0.00 | 0.00 |
| Literature - World | 0 | 1 | 0 | 0 | 10 | 123 | 123.00 | 0 | 1 | 0.00 | 0.00 |
| Science - Chemistry | 0 | 1 | 0 | 1 | 10 | 141 | 141.00 | 0 | 1 | 0.00 | 0.00 |
| Mythology | 0 | 1 | 1 | 1 | 5 | 136 | 136.00 | 1 | 1 | 0.00 | 0.00 |
| Science - Biology | 0 | 1 | 2 | 1 | 0 | 134 | 134.00 | 0 | 1 | 0.00 | 0.00 |
| Fine Arts - Other | 0 | 1 | 2 | 0 | 0 | 93 | 93.00 | 0 | 1 | 0.00 | 0.00 |
| Literature - British | 0 | 0 | 1 | 0 | -5 | 0.00 | 0 | 0 | 0.00 | 0.00 | |
| Fine Arts - Visual | 0 | 0 | 1 | 0 | -5 | 0.00 | 0 | 0 | 0.00 | 0.00 | |
| Religion | 0 | 1 | 3 | 1 | -5 | 128 | 128.00 | 0 | 1 | 0.00 | 0.00 |
| Pop Culture | 0 | 0 | 2 | 0 | -10 | 0.00 | 0 | 0 | 0.00 | 0.00 |